Basic of arnis de mano : a handbook for teachers and students / Joel D. Anajao. (Record no. 21367)
| 000 -LEADER | |
|---|---|
| fixed length control field | 00625nam a22001817a 4500 |
| 020 ## - INTERNATIONAL STANDARD BOOK NUMBER | |
| ISBN | 9786214092376 |
| 082 ## - DEWEY DECIMAL CLASSIFICATION NUMBER | |
| Classification number | 796.8 |
| Item number | An5321 2023 |
| 100 ## - MAIN ENTRY--AUTHOR NAME | |
| Personal name | Anajao, Joel D., author. |
| 245 ## - TITLE STATEMENT | |
| Title | Basic of arnis de mano : a handbook for teachers and students / Joel D. Anajao. |
| 260 ## - PUBLICATION, DISTRIBUTION, ETC. (IMPRINT) | |
| Place of publication | Mandaluyong City : |
| Name of publisher | Books Atbp. Publishing Corp., |
| Year of publication | ©2023. |
| 300 ## - PHYSICAL DESCRIPTION | |
| Number of Pages | x, 58 pages : |
| Other physical details | illustrations ; 26 cm |
| 500 ## - GENERAL NOTE | |
| General note | Includes bibliographical references. |
| 650 ## - SUBJECT ADDED ENTRY--TOPICAL TERM | |
| Topical Term | Arnis (Martial art). |
| 650 ## - SUBJECT ADDED ENTRY--TOPICAL TERM | |
| Topical Term | Martial arts -- Philippines. |
| 650 ## - SUBJECT ADDED ENTRY--TOPICAL TERM | |
| Topical Term | Stick fighting -- Philippines. |
| 650 ## - SUBJECT ADDED ENTRY--TOPICAL TERM | |
| Topical Term | Self-defense (Sports). |
| 942 ## - ADDED ENTRY ELEMENTS (KOHA) | |
| Koha item type | Books |
| Source of acquisition | Permanent Location | Date acquired | Koha item type | Collection code | Accession Number | Lost status | Shelving location | Withdrawn status | Current Location | Full call number |
|---|---|---|---|---|---|---|---|---|---|---|
| School | Cagayan State University - Carig Library | 2025-09-11 | Books | Arts & Recreation | 011222 | General Collection | Cagayan State University - Carig Library | 796.8 An5321 2023 | ||
| School | Cagayan State University - Carig Library | 2025-09-11 | Books | Arts & Recreation | 011223 | General Collection | Cagayan State University - Carig Library | 796.8 An5321 2023 | ||
| School | Cagayan State University - Carig Library | 2025-09-11 | Books | Arts & Recreation | 011224 | General Collection | Cagayan State University - Carig Library | 796.8 An5321 2023 |